|
|
|
|
| LEADER |
00000nab a2200000 ar4500 |
| 001 |
vtls009939614 |
| 003 |
SK-MaSNL |
| 005 |
20260318133053.0 |
| 008 |
090813c20090807xo |||||||| 000 b|hun |
| 015 |
|
|
|a SNBRB2009/08
|2 snkbucl
|
| 038 |
|
|
|a SNKBUCL
|
| 040 |
|
|
|a DSZK
|b slo
|c DSZK
|e AACR2
|
| 041 |
0 |
|
|a hun
|
| 044 |
|
|
|a xo
|c SK
|
| 080 |
|
|
|a 32-051
|2 2001
|
| 080 |
|
|
|a 342.518
|x (437.6)
|2 2001
|
| 100 |
1 |
|
|a Molnár, Iván
|4 aut
|9 274841
|
| 245 |
1 |
0 |
|a Fico egyre idegesebb
|c Molnár Iván
|
| 600 |
1 |
7 |
|a Fico, Robert,
|d 1964-
|2 SNKPH
|9 13683
|
| 610 |
1 |
7 |
|a Slovensko.
|b Premiér (2006-2010 : Fico)
|2 snkbucl
|9 163159
|
| 655 |
|
7 |
|a komentáre
|2 SNKPH
|9 70412
|
| 773 |
0 |
|
|t Új szó
|g Évf. 62, sz. 182 (7.8.2009), o. 7
|x 1335-7050
|
| 852 |
|
|
|a SNK
|b KIS3GCP
|
| 852 |
|
|
|a DSZK
|b KIS3GCP
|
| 958 |
|
|
|a HU
|
| 958 |
|
|
|a SK
|
| 999 |
|
|
|c 2182675
|d 2184605
|